Score 0/36 Timer 10:00
1 Play Today
Hint Answer % Correct
Chris HemsworthThor
73.4%
John TravoltaGrease
71.7%
Jamie FoxxRay
68.3%
Sandra BullockSpeed
67.2%
Bill MurrayGhostbusters
63.5%
Halle BerryCatwoman
57.7%
Will SmithHitch
56.8%
Sandra BullockGravity
53.7%
Bill MurrayCaddyshack
47.8%
Jodie FosterContact
46.6%
Reese WitherspoonElection
44.2%
Emma StoneZombieland
42.8%
Adam SandlerClick
42.6%
Will SmithAli
42%
Reese WitherspoonWild
37.2%
Bill MurrayKingpin
33.5%
Halle BerrySwordfish
32.8%
George ClooneySyriana
31%
Hint Answer % Correct
Emma StoneSuperbad
30%
John TravoltaHairspray
29.2%
Sandra BullockCrash
27.3%
Chris HemsworthRush
25.5%
John TravoltaPhenomenon
24.3%
Jodie FosterElysium
23.3%
Adam SandlerSpanglish
20.5%
Reese WitherspoonPleasantville
20.3%
George ClooneyTomorrowland
18.5%
Adam SandlerPixels
16.7%
Jodie FosterMaverick
16.3%
Will SmithFocus
15.2%
Emma StoneAloha
12.6%
Jamie FoxxJarhead
12.5%
George ClooneyLeatherheads
11.4%
Jamie FoxxDreamgirls
9.3%
Chris HemsworthVacation
7%
Halle BerryBulworth
5.8%
Remove Ads.
Support Sporcle.
Get the best of Sporcle when you Go Orange. This ad-free experience offers more features, more stats, and more fun while also helping to support Sporcle. Thank you for becoming a member.

You're not logged in!

Compare scores with friends on all Sporcle quizzes.
OR
Log In

Show Comments

Extras

Top Quizzes Today


Score Distribution

Your Account Isn't Verified!

In order to create a playlist on Sporcle, you need to verify the email address you used during registration. Go to your Sporcle Settings to finish the process.

Report this User

Report this user for behavior that violates our Community Guidelines.

Details: